An Introduction to Higher Secondary Education (Record no. 16365)

MARC details
000 -LEADER
fixed length control field 00641nam a22002297a 4500
008 - FIXED-LENGTH DATA ELEMENTS--GENERAL INFORMATION
fixed length control field 260418b |||||||| |||| 00| 0 eng d
020 ## - INTERNATIONAL STANDARD BOOK NUMBER
International Standard Book Number 978-93-87956-56-8
Price 400
040 ## - CATALOGING SOURCE
Original Cataloguing agency Sibsagar Commerce College Central Library
041 ## - LANGUAGE CODE
Language code of text/sound track or separate title English
082 ## - DEWEY DECIMAL CLASSIFICATION NUMBER
Classification number 370
Book Number DEK
100 ## - MAIN ENTRY--PERSONAL NAME
Personal name Deka, N.
Fuller form of name Dr. Nabanita
245 ## - TITLE STATEMENT
Title An Introduction to Higher Secondary Education
Sub Title For Second Year
250 ## - EDITION STATEMENT
Edition statement 2nd Ed.
260 ## - PUBLICATION, DISTRIBUTION, ETC.
Place of publication, distribution, etc. Dibrugarh
Name of publisher, distributor, etc. Pradyut Hazarika, Banalata
Date of publication, distribution, etc. 2022
300 ## - PHYSICAL DESCRIPTION
Pages 314 p. ;
Dimensions 18 x 25 cm
505 ## - FORMATED CONTENTS NOTE
Formated content notes AHSEC<br/>For 2nd Year<br/>Class 12
650 ## - Subject
Subject Education
700 ## - Added Entry Personal Name
Personal Name Das, Phunu
700 ## - Added Entry Personal Name
Personal Name Bhagabati, Parthana
942 ## - ADDED ENTRY ELEMENTS (KOHA)
Source of classification or shelving scheme Dewey Decimal Classification
Koha item type Books
Holdings
Withdrawn status Lost status Source of classification or shelving scheme Damaged status Not for loan Collection code Home library Current library Shelving location Date acquired Source of acquisition Cost, normal purchase price Total Checkouts Full call number Barcode Date last seen Copy number Cost, replacement price Price effective from Koha item type
    Dewey Decimal Classification     Education Sibsagar Commerce College Central Library Sibsagar Commerce College Central Library General Stacks 10/04/2026 Kitap Ghar 400.00   370 DEK 29393 18/04/2026 1 800.00 18/04/2026 Books
    Dewey Decimal Classification     Education Sibsagar Commerce College Central Library Sibsagar Commerce College Central Library General Stacks 10/04/2026 Kitap Ghar 400.00   370 DEK 29394 18/04/2026 2 800.00 18/04/2026 Books
    Dewey Decimal Classification     Education Sibsagar Commerce College Central Library Sibsagar Commerce College Central Library General Stacks 10/04/2026 Kitap Ghar 400.00   370 DEK 29395 18/04/2026 3 800.00 18/04/2026 Books
    Dewey Decimal Classification     Education Sibsagar Commerce College Central Library Sibsagar Commerce College Central Library General Stacks 10/04/2026 Kitap Ghar 400.00   370 DEK 29396 18/04/2026 4 800.00 18/04/2026 Books


Sibsagar Commerce College © 2020. All rights reserved.
Powered by Koha.
Hosted by LIBKART.